MARC

LEADER 00000nam0a2200000 4500
001 43208
005 20240111124101.0
035 |a (RuTPU)RU\TPU\book\44654 
090 |a 43208 
100 |a 20021002d2002 m y0rusy50 ca 
101 0 |a rus 
102 |a RU 
105 |a a j 000zy 
200 1 |a Функции комплексного переменного. Операционный метод  |e учебное пособие  |f Л. И. Терехина, И. И. Фикс 
210 |a Томск  |c Изд-во ТГУ  |d 2002 
215 |a 132 с.  |c ил. 
606 1 |a Функции комплексного переменного  |2 stltpush  |3 (RuTPU)RU\TPU\subj\17059  |9 42902 
606 1 |a Операционное исчисление  |2 stltpush  |3 (RuTPU)RU\TPU\subj\47057  |9 66124 
610 1 |a математика 
610 1 |a комплексные числа 
610 1 |a свойства 
610 1 |a дифференцируемые функции 
610 1 |a интегрирование 
610 1 |a аналитические функции 
610 1 |a вычеты 
610 1 |a приложения 
610 1 |a операционное исчисление 
610 1 |a ряды 
610 1 |a преобразование Лапласа 
610 1 |a линейные дифференциальные уравнения 
610 1 |a решение 
610 1 |a учебные пособия 
675 |a 517.53(075.8)  |v 3 
675 |a 517.445(075.8)  |v 3 
700 1 |a Терехина  |b Л. И.  |c математик  |c доцент Томского политехнического университета, кандидат физико-математических наук  |f 1954-  |g Людмила Ивановна  |3 (RuTPU)RU\TPU\pers\26623  |9 12281 
701 1 |a Фикс  |b И. И.  |c математик  |c доцент Томского политехнического университета, кандидат технических наук  |f 1943-  |g Иван Иванович  |3 (RuTPU)RU\TPU\pers\26624 
801 1 |a RU  |b 63413507  |c 20021002  |g PSBO 
801 2 |a RU  |b 63413507  |c 20210201  |g PSBO 
942 |c BK